| 000 | 00435nam a2200133 4500 | ||
|---|---|---|---|
| 020 | _qPB. | ||
| 040 | _cFIZZA ISHAQ | ||
| 082 |
_a658.4 _bWIN |
||
| 100 |
_aWinston, Stephanie. _9134191 |
||
| 245 |
_aThe organized executive : a program for productivity : new ways to manage time, paper, and people / _cStephanie Winston. |
||
| 260 |
_aNew York : _bA Time Warner Company , _c1983. |
||
| 300 |
_a345 p. : ill. ; _c21 cm |
||
| 942 |
_2ddc _cBK |
||
| 999 |
_c617158 _d617158 |
||